| 000 | 00939nam a2200301Ia 4500 | ||
|---|---|---|---|
| 003 | OSt | ||
| 005 | 20221007123131.0 | ||
| 006 | a|||||r|||| 00| 0 | ||
| 007 | ta | ||
| 008 | 221006b |||||||| |||| 00| 0 eng d | ||
| 020 | _a9781107133204 (hbk) | ||
| 024 | _a199642 | ||
| 037 |
_b5506, 14/03/2019, Ashutosh Technical Books _cTextual |
||
| 040 |
_aPAPL _cPAPL _beng |
||
| 041 |
_2eng _aeng |
||
| 082 | _aC5:(B9), Q8 Carpa | ||
| 100 |
_aMak Mankin _9716589 |
||
| 245 | 0 | _aAtmospheric frontal dynamics | |
| 260 |
_aCambridge _bCUP _c2018 |
||
| 300 |
_ax, 195p. ill. _ccm. |
||
| 500 | _aBibliography 187-191p.; Index 193-195p. | ||
| 650 |
_a Atmospheric physics _9716590 |
||
| 650 |
_a Fronts _9716591 |
||
| 650 |
_a Semi-geostrophic models _9716592 |
||
| 650 | _aPhysics | ||
| 942 |
_hC5:(B9), Q8 Carpa _cTEXL _2CC |
||
| 999 |
_c1211418 _d1211418 |
||